000 01052nam a2200217 i 4500
001 182556
003 ES-MaACL
005 20240514173345.0
008 130926s1867 sp a | |||||||| | spa d
080 _a94(460.181)
080 _a94(460)
100 1 _aGarcía de la Foz, José.
_9153445
245 1 1 _a[Crónica de la provincia de León /
_cpor José García de la Foz].
260 _aMadrid :
_bRubio y Compañía,
_c1867.
300 _a95 p., [4] h. de lám., [1] h. de mapas :
_bil. ;
_c32 cm.
490 1 _aCrónica general de España o sea historia ilustrada y descriptiva de sus provincias, sus poblaciones más importantes de la península y de ultramar
651 4 _aLeón (Provincia)-
_xHistoria.
_9153446
830 0 _aCrónica general de España, o sea Historia ilustrada y descriptiva de sus provincias, sus poblaciones más importantes de la península y posesiones de Ultramar
_9224862
852 _aES-MaACL
_jC-1574(1)
_z.- Encuadernado con otras obras
_q.- Faltan las primeras 6 páginas
999 _c182556
_d182556